000
00331nam a2200133Ia 4500
008
150201s2010 xx 000 0 und d
082
_a
615
_b
D10L
100
_a
LAW PUBLISHING HOUSE
245
_a
THE DRUGS & COSMETICS ACT -1940
260
_b
UNIVERSAL
_a
DELHI
_c
2010
300
_a
1-530
650
_a
PHARMACOLOGY
942
_2
ddc
_c
BK
999
_c
1252
_d
1252